| 000 -LEADER |
| fixed length control field |
02328 a2200277 4500 |
| 003 - CONTROL NUMBER IDENTIFIER |
| control field |
Nust |
| 005 - DATE AND TIME OF LATEST TRANSACTION |
| control field |
20170207165829.0 |
| 010 ## - LIBRARY OF CONGRESS CONTROL NUMBER |
| LC control number |
2008003735 |
| 020 ## - INTERNATIONAL STANDARD BOOK NUMBER |
| International Standard Book Number |
0470723742 (cloth) |
| 020 ## - INTERNATIONAL STANDARD BOOK NUMBER |
| International Standard Book Number |
9780470723746 (cloth) |
| 035 ## - SYSTEM CONTROL NUMBER |
| System control number |
(OCoLC)182733640 |
| 035 ## - SYSTEM CONTROL NUMBER |
| System control number |
(OCoLC)ocn182733640 |
| 040 ## - CATALOGING SOURCE |
| Transcribing agency |
Nust |
| 082 00 - DEWEY DECIMAL CLASSIFICATION NUMBER |
| Classification number |
621.3815 |
| 245 00 - TITLE STATEMENT |
| Title |
Mobile displays |
| Remainder of title |
technology and applications E-Book |
| Statement of responsibility, etc. |
edited by Achintya K. Bhowmik, Zili Li, Philip J. Bos. |
| 260 ## - PUBLICATION, DISTRIBUTION, ETC. |
| Place of publication, distribution, etc. |
Chichester, England ; |
| -- |
Hoboken, NJ : |
| Name of publisher, distributor, etc. |
J. Wiley & Sons, |
| Date of publication, distribution, etc. |
c2008. |
| 300 ## - PHYSICAL DESCRIPTION |
| Extent |
xxiv, 625 p. : |
| Other physical details |
ill. ; |
| Dimensions |
26 cm. |
| 440 #0 - SERIES STATEMENT/ADDED ENTRY--TITLE |
| Title |
Wiley-SID series in display technology |
| 505 ## - FORMATTED CONTENTS NOTE |
| Formatted contents note |
Introduction to Mobile Displays(Page-1), Human Factors Considerations: Seeing Information (Page-23), Advanced Mobile Display Technology (Page-53), In-Plane Switching (IPS) LCD Technology for Mobile Applications (Page-75), Transflective Liquid Crystal Display Technologies (Page-97), Wide Viewing Angle and High Brightness Liquid Crystal Displays Incorporating Birefringent Compensators and Energy-Efficient Backlight (Page-133), Backlighting of Mobile Displays (Page-211), LED Backlighting of LCDs in Mobile Appliances (Page-227), Advances in Mobile Display Driver Electronics (Page-251), Mobile Display Digital Interface (MDDI) (Page-285), MIPI High-Speed Serial Interface Standard for Mobile Displays (Page-315), Image Reconstruction on Color Sub-pixelated Displays (Page-329), Recent SOG (System-on-Glass) Development Based on LTPS Technology (Page-369), Advances in AMOLED Technologies (Page-385), Electronic Paper Displays (Page-427) Reflective Cholesteric Liquid Crystal Displays (Page-443), BiNem1 Displays: From Principles to Applications (Page-469), Electrowetting Displays for Mobile Multimedia Applications (Page-511),3D Displays for Portable Handheld Devices (Page-539), Eyewear Displays (Page-551), Mobile Projectors Using Scanned Beam Displays (Page-565), Plastic Backplane Technology for Mobile Displays (Page-589). |
| 650 #0 - SUBJECT ADDED ENTRY--TOPICAL TERM |
| Topical term or geographic name entry element |
Telecommunications engineering - (E-BOOK) |
| 700 1# - ADDED ENTRY--PERSONAL NAME |
| Personal name |
Bhowmik, Achintya K. |
| 700 1# - ADDED ENTRY--PERSONAL NAME |
| Personal name |
Bos, Philip J. |
| 700 1# - ADDED ENTRY--PERSONAL NAME |
| Personal name |
Li, Zili. |
| 856 42 - ELECTRONIC LOCATION AND ACCESS |
| Materials specified |
Publisher description |
| Uniform Resource Identifier |
<a href="http://www.loc.gov/catdir/enhancements/fy0810/2008003735-d.html">http://www.loc.gov/catdir/enhancements/fy0810/2008003735-d.html</a> |
| 856 42 - ELECTRONIC LOCATION AND ACCESS |
| Materials specified |
Table of contents only |
| Uniform Resource Identifier |
<a href="http://www.loc.gov/catdir/enhancements/fy0810/2008003735-t.html">http://www.loc.gov/catdir/enhancements/fy0810/2008003735-t.html</a> |
| 942 ## - ADDED ENTRY ELEMENTS (KOHA) |
| Source of classification or shelving scheme |
|
| Koha item type |
Book |